000 00712nam a2200241Ia 4500
005 20260430150520.0
008 008 250103s9999 xx 000 0 eng d
037 _aTheses
040 _aCRL
040 _beng
040 _ceng
041 _2eng
041 _aeng
084 _qCRL
100 _aJaved Iqbal Au.; Mehtab Jahan Gu.
_91237727
245 0 _aSeham nasr navisan Hinduwan dar adbiyat Farsi dar qaran nauz daham miladi (Contribution of Hindu prose writers to Persian Literature during 19th century)
260 _c2023
300 _a324p.
650 _aPersian Literature
700 _aUniversity of Delhi. Faculty of Arts. Dept. of Persian
942 _cTH
999 _c1849966
_d1849966